000 00350nam a2200145Ia 4500
005 20251222153603.0
008 251222s9999||||xx |||||||||||||| ||spa||
020 _a9788440717757
082 _a808.83/T68
100 _aTolstói, León
245 0 _aGuerra y Paz I
250 _a1ra.ed.
264 _bS.A. de Promociones y Ediciones
942 _cLIB
999 _c31323
_d31323